<?xml version="1.0" encoding="UTF-8"?>
<record
    xmlns:xsi="http://www.w3.org/2001/XMLSchema-instance"
    xsi:schemaLocation="http://www.loc.gov/MARC21/slim http://www.loc.gov/standards/marcxml/schema/MARC21slim.xsd"
    xmlns="http://www.loc.gov/MARC21/slim">

  <leader>01500nam a22002415i 4500</leader>
  <controlfield tag="001">167038</controlfield>
  <controlfield tag="003">ES-MaACL</controlfield>
  <controlfield tag="005">20250809025049.0</controlfield>
  <controlfield tag="008">990610m18351838fr           |||| | fre d</controlfield>
  <datafield tag="040" ind1=" " ind2=" ">
    <subfield code="a">CCPB | B </subfield>
    <subfield code="b">spa </subfield>
    <subfield code="c">CCPB | B</subfield>
  </datafield>
  <datafield tag="100" ind1="1" ind2=" ">
    <subfield code="a">Vattel, Emer de (</subfield>
    <subfield code="d">1714-1767)</subfield>
    <subfield code="9">133571</subfield>
  </datafield>
  <datafield tag="245" ind1="1" ind2="3">
    <subfield code="a">Le droit des gens ou principes de la loi naturelle appliqu&#xE9;s a la conduite et aux affaires des nations et des souverains / </subfield>
    <subfield code="c">par Vattel ; pr&#xE9;c&#xE9;d&#xE9;e d'un discours sur l'&#xE9;tude du droit de la nature et des gens par sir James Mackintosh ; traduit en fran&#xE7;ais par M. P. Royer-Collard.</subfield>
  </datafield>
  <datafield tag="250" ind1=" " ind2=" ">
    <subfield code="a">Nouvelle ed. rev. et corr. d'apr&#xE8;s les textes originaux, augm. de quelques remarques nouvelles et d'une bibliographie choisie et syst&#xE9;matique du droit de la nature et des gens </subfield>
    <subfield code="b">par M. de Hoffmanns.</subfield>
  </datafield>
  <datafield tag="260" ind1=" " ind2=" ">
    <subfield code="a">Paris : </subfield>
    <subfield code="b">a la librairie diplomatique, fran&#xE7;aise et &#xE9;trangere de J. P. Aillaud, </subfield>
    <subfield code="c">1835-1838.</subfield>
  </datafield>
  <datafield tag="300" ind1=" " ind2=" ">
    <subfield code="a">3 v. ; </subfield>
    <subfield code="c">20 cm.</subfield>
  </datafield>
  <datafield tag="505" ind1="8" ind2=" ">
    <subfield code="a">Contiene : Tomo III : Notes et table g&#xE9;n&#xE9;rale analytique de l'ouvrage / par M. S. Pinheiro-Ferreira</subfield>
  </datafield>
  <datafield tag="650" ind1="0" ind2="7">
    <subfield code="a">Derecho internacional p&#xFA;blico</subfield>
    <subfield code="2">embne</subfield>
    <subfield code="9">11723</subfield>
  </datafield>
  <datafield tag="700" ind1="1" ind2=" ">
    <subfield code="a">Mackintosh, James </subfield>
    <subfield code="c">, Sir.</subfield>
    <subfield code="9">129297</subfield>
  </datafield>
  <datafield tag="700" ind1="1" ind2=" ">
    <subfield code="a">Royer-Collard, Pierre-Paul.</subfield>
    <subfield code="9">100216</subfield>
  </datafield>
  <datafield tag="700" ind1="2" ind2=" ">
    <subfield code="a">Pinheiro-Ferreira, Silvestre.</subfield>
    <subfield code="9">131170</subfield>
  </datafield>
  <datafield tag="852" ind1=" " ind2=" ">
    <subfield code="a">ES-MaACL</subfield>
    <subfield code="j">C-3815-17 </subfield>
    <subfield code="z">-- Enc. hol. </subfield>
    <subfield code="x">-- Edic.: T.I (VII, 516 p.) - T.II (458 p.) - T.III (VII, 587 p.) -- Imp. de los t.I-II: Typographie Rignoux y del t.III: Imprimerie de Casimir</subfield>
  </datafield>
  <datafield tag="999" ind1=" " ind2=" ">
    <subfield code="c">167038</subfield>
    <subfield code="d">167038</subfield>
  </datafield>
  <datafield tag="952" ind1=" " ind2=" ">
    <subfield code="0">0</subfield>
    <subfield code="1">0</subfield>
    <subfield code="4">0</subfield>
    <subfield code="7">0</subfield>
    <subfield code="8">LIBXIX</subfield>
    <subfield code="a">ATENEOM</subfield>
    <subfield code="b">ATENEOM</subfield>
    <subfield code="c">SPAL</subfield>
    <subfield code="d">2008-01-17</subfield>
    <subfield code="l">0</subfield>
    <subfield code="o">C-3815-17</subfield>
    <subfield code="p">1175219</subfield>
    <subfield code="r">2023-02-23 00:00:00</subfield>
    <subfield code="w">2023-02-23</subfield>
    <subfield code="y">MONANT</subfield>
  </datafield>
</record>
